[Event "t-EuCh U18"]
[Site "Balatonlelle HUN"]
[Date "2000.07.15"]
[Round "7"]
[White "Steindorsson,S"]
[Black "Pecnik,L"]
[Result "1-0"]
[WhiteElo "2093"]
[BlackElo "2167"]

1.c4 c6 2.Nf3 d5 3.b3 Nf6 4.g3 Bg4 5.Bg2 Nbd7 6.Bb2 e6 7.O-O Bd6 8.d3 O-O
9.Nbd2 Qe7 10.e4 dxe4 11.dxe4 Be5 12.Qc2 Bxb2 13.Qxb2 Bxf3 14.Bxf3 e5 15.b4 c5
16.b5 Rfd8 17.Rfd1 Nb6 18.Qc2 Rd4 19.a4 Rad8 20.a5 Nc8 21.Nb3 R4d7 22.Rxd7 Rxd7
23.Rd1 Rxd1+ 24.Qxd1 Kf8 25.Qd3 Ke8 26.Bg2 Qd6 27.Qxd6 Nxd6 28.Nxc5 b6 29.axb6 axb6
30.Na4 Nxc4 31.Bf1 Nd2 32.Bd3 Nd7 33.Kg2 Ke7 34.Nc3 Kd6 35.Nd5 Kc5 36.f3 Kd4
37.Be2 Nb1 38.Kf2 Nc3 39.Nc7 Nc5 40.Ne8 Ne6 41.Bf1 g6 42.Nf6 h5 43.Nd7 Na4
44.h4 Nd8 45.Be2 Nb7 46.Nb8 Kc5 47.Nc6 f6 48.Ne7 g5 49.Ng8 Nc3 50.Nxf6 gxh4
51.gxh4 Nxe2 52.Kxe2 Kxb5 53.Nxh5 Kc4 54.Nf6 b5 55.Ke3 Nd6 56.Ng4 Nf7 57.Kd2 b4
58.h5 Kd4 59.h6 Ng5 60.Kc2  1-0

[Event "Golden Cleopatra Open"]
[Site "Cairo EGY"]
[Date "2000.07.15"]
[Round "5"]
[White "Miezis,N"]
[Black "Abou el Zein,E"]
[Result "1-0"]
[WhiteElo "2481"]
[BlackElo "2366"]

1.c4 c6 2.e4 d5 3.cxd5 cxd5 4.exd5 Nf6 5.Bb5+ Nbd7 6.Nc3 a6 7.Qa4 Rb8 8.Bxd7+ Qxd7
9.Qb3 b5 10.Nf3 Bb7 11.Ne5 Qd6 12.d4 Bxd5 13.Nxd5 Qxd5 14.O-O e6 15.Bg5 Qxb3
16.axb3 Ra8 17.Rfc1 Nd5 18.Rxa6 Rb8 19.Bh4 Bb4 20.Rac6 O-O 21.Nd7 Bd2 22.Nxf8 Bxc1
23.Nd7  1-0

[Event "WIPRO GM"]
[Site "Hyderabad IND"]
[Date "2000.07.16"]
[Round "1"]
[White "Kunte,A"]
[Black "Vijayalakshmi,S"]
[Result "0-1"]
[WhiteElo "2556"]
[BlackElo "2378"]

1.c4 c6 2.e4 g6 3.d4 Bg7 4.Nc3 d6 5.Nf3 Nf6 6.Be2 O-O 7.O-O Na6 8.Be3 Ng4
9.Bd2 e5 10.Bg5 f6 11.Bc1 Nc7 12.h3 Nh6 13.Be3 Nf7 14.Qc1 f5 15.dxe5 dxe5
16.exf5 gxf5 17.Kh1 Ne6 18.Nh2 f4 19.Bd2 Qh4 20.Bg4 Nh6 21.Ne4 Nxg4 22.hxg4 Nd4
23.Be1 Ne2 24.f3 Ng3+ 25.Kg1 Ne2+ 26.Kh1 Ng3+ 27.Kg1 h5 28.gxh5 Rf5 29.Nxg3 fxg3
30.Bxg3 Qxg3 31.Rf2 Rxh5 32.Nf1 Qh4 33.Re2 Bf5 34.g4 Qh1+ 35.Kf2 Bxg4  0-1

[Event "ch-SCCF"]
[Site "Los Angeles USA"]
[Date "2000.07.16"]
[Round "7"]
[White "Lakdawala,C"]
[Black "Jones,S USA"]
[Result "1/2-1/2"]
[WhiteElo "2441"]
[BlackElo "2301"]

1.c4 c6 2.Nc3 d5 3.cxd5 cxd5 4.d4 Nf6 5.Bf4 Nc6 6.Nf3 Ne4 7.e3 Nxc3 8.bxc3 g6
9.Rb1 Bg7 10.c4 O-O 11.Rb5 dxc4 12.Bxc4 a6 13.Rd5 Qb6 14.O-O Na5 15.Bd3 Be6
16.Rc5 Rac8 17.Qc2 Rxc5 18.dxc5 Qd8 19.Be4 Bd5 20.Bxd5 Qxd5 21.Rd1 Qc4 22.Qxc4 Nxc4
23.Rd7 e5 24.Bg3 f6 25.Rxb7 Rc8 26.Ra7 a5 27.Kf1 Rxc5 28.Ke2 Nd6 29.Ne1 Ne4
30.f3 Nc3+ 31.Kd2 Nxa2 32.Nd3 Rb5 33.Be1 Bf8 34.Kc2 Nb4+ 35.Bxb4 axb4 36.Kb3 Rb8
37.Rd7 Ra8 38.Kb2 Ra3 39.e4 Rc3 40.Nf2 Re3 41.Rd2 Ra3 42.Nd3 Kf7 43.Ne1 Ke6
44.Nc2 Ra8 45.Rd5 Rc8 46.Rb5 Rc4 47.Rb6+ Bd6 48.Ne3 Rd4 49.Kc2 f5 50.exf5+ gxf5
51.g4 fxg4 52.fxg4 Kd7 53.Nf5 Bc7 54.Rh6 Rxg4 55.Rxh7+ Kc6 56.h4 e4 57.Kb3 Be5
58.Re7 Bc3 59.h5 Rg5 60.Ne3 Rxh5 61.Rxe4 Rh3 62.Kc4 Bd2 63.Nd5 b3 64.Re6+ Kd7  1/2-1/2

[Event "Open"]
[Site "Bolzano ITA"]
[Date "2000.07.21"]
[Round "8"]
[White "Baquero,L"]
[Black "De Eccher,S"]
[Result "1/2-1/2"]
[WhiteElo "2303"]
[BlackElo "2256"]

1.c4 c6 2.e4 d5 3.exd5 cxd5 4.cxd5 Nf6 5.Nc3 Nxd5 6.Nf3 e6 7.d4 Be7 8.Bd3 Nc6
9.O-O O-O 10.Re1 Nxc3 11.bxc3 Bd7 12.Rb1 b6 13.Rb5 g6 14.h4 Na5 15.Rbe5 Bf6
16.Bg5 Rc8 17.Qd2 Nc4 18.Bxc4 Rxc4 19.R5e3 Rc8 20.Ne5 Bc6 21.Rg3 Bxg5 22.hxg5 f6
23.gxf6 Qxf6 24.Nxc6 Rxc6 25.Rf3 Qd8 26.Rfe3 Qf6 27.d5 exd5 28.Qxd5+ Qf7
29.Qxc6 Qxf2+ 30.Kh2 Qh4+ 31.Kg1 Qf2+ 32.Kh2 Qh4+ 33.Rh3 Qxe1 34.Qd5+ Rf7
35.Rxh7 Kxh7 36.Qxf7+ Kh6 37.Qf4+ Kg7 38.Qc7+ Kh6 39.Qf4+ Kg7 40.Qd4+ Kh6
41.a4 Qe7 42.Kh3 Qe6+ 43.Kg3 Qe1+ 44.Kg4 Qe2+ 45.Kf4 Qf1+ 46.Kg3 Qe1+ 47.Kg4 Qe2+  1/2-1/2

[Event "KB Czech Open"]
[Site "Pardubice CZE"]
[Date "2000.07.22"]
[Round "2"]
[White "Hlavnicka,J"]
[Black "Zurek,M"]
[Result "0-1"]
[WhiteElo "2305"]
[BlackElo "2435"]

1.c4 c6 2.Nc3 d5 3.d4 dxc4 4.e3 Be6 5.Nf3 b5 6.a4 b4 7.Ne4 Nf6 8.Nc5 Bd5
9.Bd2 a5 10.Rc1 e6 11.Bxc4 Bxc5 12.dxc5 O-O 13.O-O Ne4 14.Bd3 f5 15.Be1 Nd7
16.Bxe4 fxe4 17.Nd4 Qg5 18.Ne2 Ne5 19.Nf4 Rad8 20.Nxd5 Rxd5 21.Qe2 Nf3+ 22.Kh1 Nxh2
23.Kxh2 Qh6+ 24.Kg1 Rh5 25.Qxh5 Qxh5 26.Rc4 Rd8 27.Rxe4 Qe2 28.Rd4 Rxd4 29.exd4 Qxb2  0-1

[Event "ch-Paris"]
[Site "Paris FRA"]
[Date "2000.07.22"]
[Round "8"]
[White "Renaudin,M"]
[Black "Mullon,J"]
[Result "0-1"]
[WhiteElo "2166"]
[BlackElo "2296"]

1.c4 c6 2.Nf3 Nf6 3.e3 d5 4.d4 e6 5.Nbd2 Nbd7 6.Bd3 Bd6 7.O-O O-O 8.e4 dxe4
9.Nxe4 Nxe4 10.Bxe4 h6 11.Bc2 e5 12.Re1 Bb4 13.Bd2 Bxd2 14.Qxd2 exd4 15.Qxd4 Qf6
16.Rad1 Qxd4 17.Rxd4 Nc5 18.Re7 a5 19.Re5 b6 20.Rd6 Bb7 21.Re1 Rfd8 22.Red1 Rxd6
23.Rxd6 Re8 24.b3 Kf8 25.Kf1 Ke7 26.Rd2 Rd8 27.Rxd8 Kxd8 28.Ke2 Ke7 29.Ke3 Kd6
30.Nd4 Ne6 31.Nf5+ Kc5 32.a3 b5 33.g4 bxc4 34.bxc4 Ba6 35.h4 Bxc4 36.f4 Bf1
37.Bb3 Bh3 38.Ng3 Bxg4 39.f5 Nd8 40.Kf4 Bh3 41.Kf3 Kd4 42.Kf4 c5 43.Bc2 Kc3
44.Bd1 c4 45.Ke3 Nc6 46.f6 gxf6 47.Ne4+ Kb2 48.Ba4 Ne5 49.Kd4 c3 50.Nxc3 Nf3+
51.Ke3 Kxc3 52.Kxf3 Kb2 53.Be8 Kxa3  0-1

[Event "ch-Paris"]
[Site "Paris FRA"]
[Date "2000.07.22"]
[Round "8"]
[White "Marcelin,C"]
[Black "Tillet,L"]
[Result "1-0"]
[WhiteElo "2433"]
[BlackElo "2280"]

1.c4 c6 2.e4 d5 3.exd5 cxd5 4.d4 Nf6 5.Nc3 Nc6 6.Nf3 g6 7.Bg5 Ne4 8.cxd5 Nxc3
9.bxc3 Qxd5 10.Qb3 Qxb3 11.axb3 Bg7 12.Bb5 O-O 13.O-O h6 14.Bh4 g5 15.Bg3 Be6
16.b4 Rfc8 17.Ra3 a6 18.Bd3 Na7 19.Rfa1 Bc4 20.Be4 Nb5 21.Bxb7 Nxa3 22.Rxa3 Be2
23.Bxa8 Rxa8 24.h4 g4 25.Nd2 h5 26.Ne4 Bh6 27.Nc5 Kh7 28.Kh2 Kg6 29.Bc7 f6
30.g3 Bc4 31.Bf4 Bg7 32.Nd7 Rd8 33.Nb6 Be2 34.Bc7 Re8 35.c4  1-0

[Event "10th Smith & Williamson YM"]
[Site "Witley ENG"]
[Date "2000.07.22"]
[Round "9"]
[White "Webster,A"]
[Black "Middelburg,T"]
[Result "1-0"]
[WhiteElo "2417"]
[BlackElo "2328"]

1.c4 c6 2.b3 d5 3.Bb2 Nf6 4.g3 Bf5 5.Bg2 Nbd7 6.Nf3 e6 7.O-O h6 8.d3 Bh7
9.Nbd2 Bd6 10.cxd5 cxd5 11.e4 Be7 12.e5 Ng8 13.d4 Bb4 14.a3 Ba5 15.b4 Bc7
16.a4 a6 17.Nb3 Nb6 18.Na5 Rb8 19.Qb3 Nc8 20.Rfc1 Nge7 21.Ba3 b6 22.Nc6 Nxc6
23.Rxc6 Na7 24.Rc3 Qd7 25.b5 axb5 26.Rxc7 Qxc7 27.Bd6 Qb7 28.Bxb8 Qxb8 29.Qb4 Kd7
30.axb5 Rc8 31.Bf1 Ke8 32.Ra6 Rc7 33.Qa3 Rb7 34.Nd2 Qc7 35.Nb3 Qe7 36.Qxe7+ Kxe7
37.Nc1 Nc8 38.Na2 Rc7 39.Nb4 Rc1 40.Ra3 Bf5 41.Kg2 Kd7 42.Be2 Be4+ 43.f3 Bg6
44.Nc6 Kc7 45.Kf2 Kb7 46.h3 Kc7 47.f4 Rc2 48.g4 h5 49.f5 exf5 50.Nb4 Rb2
51.Nxd5+ Kd7 52.g5 f6 53.Rc3 fxg5 54.Rc7+ Ke6 55.Ne3 Ne7 56.d5+ Nxd5 57.Rc6+  1-0

[Event "KB Czech Open"]
[Site "Pardubice CZE"]
[Date "2000.07.24"]
[Round "4"]
[White "Plachetka,J"]
[Black "Zurek,M"]
[Result "1-0"]
[WhiteElo "2373"]
[BlackElo "2435"]

1.c4 c6 2.e4 d5 3.exd5 Nf6 4.d4 cxd5 5.Nc3 Nc6 6.Nf3 Bg4 7.cxd5 Nxd5 8.Qb3 Bxf3
9.gxf3 Nb6 10.d5 Nd4 11.Qd1 e5 12.dxe6 Qf6 13.exf7+ Kxf7 14.Be3 Bc5 15.Bg2 Rad8
16.Ne4 Bb4+ 17.Kf1 Qe5 18.Qd3 Ne6 19.Qb3 Qb5+ 20.Kg1 Qc4 21.Bf1 Qxb3 22.axb3 Nc8
23.Bc4 h6 24.Kg2 a5 25.Bc5 b5 26.Bxe6+ Kxe6 27.Bxb4 axb4 28.Rhe1 Kf7 29.Rec1 Rd5
30.Ra8 Rdd8 31.Rcxc8 Rxc8 32.Rxc8 Rxc8 33.Nd6+ Ke6 34.Nxc8  1-0

[Event "Open"]
[Site "Bergen NOR"]
[Date "2000.07.26"]
[Round "6"]
[White "Haag,M"]
[Black "Bae,T"]
[Result "1/2-1/2"]
[WhiteElo "2316"]
[BlackElo "2246"]

1.c4 c6 2.e4 e5 3.Nf3 d6 4.d4 Bg4 5.Be2 Nd7 6.Nc3 Ngf6 7.O-O Be7 8.Be3 O-O
9.d5 Bh5 10.Nd2 Bg6 11.b4 Ne8 12.Bg4 c5 13.g3 Nb6 14.Qb3 Bg5 15.Rfe1 Bxe3
16.Rxe3 Nf6 17.Bh3 Nbd7 18.Na4 b6 19.b5 h6 20.Nc3 Nh7 21.a4 Ng5 22.Bxd7 Qxd7
23.a5 f5 24.f3 fxe4 25.Ncxe4 Bxe4 26.Nxe4 Nxe4 27.Rxe4 a6 28.axb6 axb5 29.Rxa8  1/2-1/2

[Event "Open"]
[Site "Dieren NED"]
[Date "2000.07.26"]
[Round "8"]
[White "Van der Elburg,F"]
[Black "Diepeveen,V"]
[Result "1-0"]
[WhiteElo "2354"]
[BlackElo "2254"]

1.c4 c6 2.b3 d5 3.Bb2 Bf5 4.g3 e6 5.Bg2 Nf6 6.Nf3 Be7 7.O-O O-O 8.d3 h6 9.Nbd2 Nbd7
10.Re1 Bh7 11.Qc2 Qc7 12.a3 Rac8 13.Rac1 Qb8 14.b4 Rfe8 15.Qb3 b6 16.e4 dxe4
17.dxe4 Red8 18.e5 Ne8 19.Ne4 g5 20.h3 Bf8 21.Nh2 Bg7 22.f4 c5 23.b5 f6 24.exf6 Nexf6
25.Nxf6+ Bxf6 26.Rxe6 Bxb2 27.Qxb2 Nf8 28.Re7 Rd4 29.Bd5+ Kh8 30.Nf3 Qd6
31.Nxd4 Qf6 32.Rf7 Qxd4+ 33.Qxd4+ cxd4 34.f5 Bg8 35.Rd1 Bxf7 36.Bxf7 Kg7
37.Bd5 Kf6 38.g4 Re8 39.Rxd4 Re3 40.a4 Ke5 41.Rd2 Nd7 42.Kf2 Ra3 43.Re2+ Kd4
44.Re4+ Kc5 45.Bc6 Ra2+ 46.Re2 Rxe2+ 47.Kxe2 Nf6 48.Kd3 a5 49.Bd5 Kd6 50.Kd4 Nd7
51.Bf3 Nc5 52.Bd1 Nd7 53.Bc2 Nf6 54.c5+ bxc5+ 55.Kc4 Nd5 56.b6 Nxb6+ 57.Kb5 Nd5
58.Kxa5 Ne3 59.Bb1 Nc4+ 60.Ka6 Na3 61.Ba2 c4 62.a5 Kc5 63.f6 Kd6 64.Kb7 c3
65.Bb3 Nc4 66.Ka6 Na3 67.Kb7 Nc4 68.f7 Ke7 69.a6 Nd6+ 70.Kc6 Nc8 71.Kc7 Na7
72.Kb7 Nb5 73.a7 Nxa7 74.Kxa7 h5 75.Kb6 Kf8 76.Kc5  1-0

[Event "4th Open"]
[Site "Korinthos GRE"]
[Date "2000.07.28"]
[Round "4"]
[White "Istratescu,A"]
[Black "Bagaturov,G"]
[Result "1-0"]
[WhiteElo "2578"]
[BlackElo "2501"]

1.c4 c6 2.e4 d5 3.exd5 cxd5 4.d4 Nf6 5.Nc3 Nc6 6.Bg5 e6 7.Nf3 Be7 8.c5 h6
9.Bf4 O-O 10.Bb5 Ne4 11.O-O Bd7 12.Rc1 Bf6 13.Re1 Ne7 14.Bd3 Ng6 15.Be3 Bc6
16.Qc2 Nxc3 17.Qxc3 Nh4 18.Nxh4 Bxh4 19.Bb1 Bg5 20.g3 Re8 21.h4 Bxe3 22.Qxe3 Qf6
23.Qd3 g6 24.Re5 Rac8 25.b4 a6 26.Qd2 Kg7 27.Bd3 Qd8 28.Rce1 Qd7 29.f4 h5
30.f5 exf5 31.Bxf5 gxf5 32.Qg5+ Kf8 33.Qf6 Kg8 34.Re7 Rxe7 35.Rxe7 Qxe7 36.Qxe7 Re8
37.Qg5+ Kf8 38.Qxh5 Re4 39.Qh8+ Ke7 40.h5 Rg4 41.h6  1-0

[Event "KB Czech Open"]
[Site "Pardubice CZE"]
[Date "2000.07.29"]
[Round "9"]
[White "Plachetka,J"]
[Black "Tolstikh,N"]
[Result "1-0"]
[WhiteElo "2373"]
[BlackElo "2417"]

1.c4 c6 2.e4 d5 3.exd5 cxd5 4.d4 Nf6 5.Nc3 e6 6.Nf3 Bb4 7.cxd5 Nxd5 8.Qc2 Nd7
9.Bd3 N7f6 10.O-O h6 11.a3 Bd6 12.Ne5 a6 13.Qa4+ Kf8 14.Nxd5 Nxd5 15.Bd2 Bxe5
16.dxe5 Bd7 17.Qd4 Bc6 18.Rfd1 g6 19.h4 Ne7 20.Qg4 Nd5 21.Rac1 Qd7 22.Be4 a5
23.b4 Ba4 24.Re1 axb4 25.Bxd5 Qxd5 26.Bxb4+ Kg7 27.Be7 Rhg8 28.Rc7 Kh7 29.Bf6 Be8
30.Qb4 Qa5 31.Rxb7 Qxa3 32.Qd6 Ra7 33.Qxa3 Rxa3 34.Rc1 Ra8 35.Rcc7 Rf8 36.g4 g5
37.h5 Kg8 38.Be7 Ba4 39.Bxf8 Kxf8 40.Kh2 Bd1 41.Kg3 Be2 42.f4 Bd3 43.Kf3 Kg7
44.Ke3 Bh7 45.Rd7 Bg8 46.f5 Re8 47.f6+ Kh8 48.Rxf7 Bxf7 49.Rxf7 Kg8 50.Rg7+ Kf8
51.Rh7 Ra8 52.Rxh6 Ra4 53.Rh8+ Kf7 54.Rh7+ Kg8 55.Rg7+  1-0

[Event "Scandic Hotels GM"]
[Site "Stockholm SWE"]
[Date "2000.07.30"]
[Round "2"]
[White "Akesson,R"]
[Black "Hillarp Persson,T"]
[Result "1-0"]
[WhiteElo "2486"]
[BlackElo "2549"]

1.c4 c6 2.e4 d5 3.exd5 Nf6 4.d4 cxd5 5.Nc3 e6 6.Nf3 Bb4 7.cxd5 Nxd5 8.Qc2 Nc6
9.Be2 O-O 10.O-O h6 11.Rd1 Nce7 12.Ne5 Qc7 13.Bd2 Bd6 14.Qe4 Nxc3 15.Bxc3 Nd5
16.Rac1 Qe7 17.Bd3 f5 18.Qe1 Bd7 19.Ng6 Qg5 20.Nxf8 Nf4 21.Bf1 Rxf8 22.Bd2 Qh5
23.h3 Nxh3+ 24.gxh3 Rf6 25.f4 Rg6+ 26.Kh2 Qf3 27.Qe3 Qd5 28.Qf2 Bc6 29.Rxc6 Qxc6
30.Be3 Qe4 31.Bd3 Qd5 32.b3 h5 33.Be2 h4 34.Bf3 Qa5 35.Rg1 Rxg1 36.Kxg1 Qc3
37.Qd2 Qa1+ 38.Kg2  1-0

[Event "ch-GBR"]
[Site "Millfield ENG"]
[Date "2000.08.01"]
[Round "2"]
[White "Turner,M"]
[Black "Vigus,J"]
[Result "1/2-1/2"]
[WhiteElo "2491"]
[BlackElo "2266"]

1.c4 c6 2.d4 d5 3.Nf3 Nf6 4.e3 a6 5.b3 Bg4 6.Be2 Nbd7 7.Bb2 e6 8.O-O Bd6
9.Nbd2 O-O 10.Ne5 Bxe2 11.Qxe2 Qc7 12.f4 Ne4 13.Nxe4 dxe4 14.g4 f6 15.c5 Bxe5
16.fxe5 fxe5 17.Qc4 Rxf1+ 18.Rxf1 Nf8 19.Qc2 Ng6 20.Qxe4 Qe7 21.Bc3 Rf8 22.Rxf8+ Qxf8
23.Be1 Qd8 24.Bg3  1/2-1/2

[Event "4th Open"]
[Site "Korinthos GRE"]
[Date "2000.08.02"]
[Round "9"]
[White "Istratescu,A"]
[Black "Volkov,S"]
[Result "1/2-1/2"]
[WhiteElo "2578"]
[BlackElo "2554"]

1.c4 c6 2.d4 d5 3.Nf3 Nf6 4.Qc2 dxc4 5.Qxc4 Bf5 6.g3 e6 7.Bg2 Be7 8.O-O Nbd7
9.e3 O-O 10.Qe2 c5 11.Nc3 Ne4 12.Nd2 Nxd2 13.Bxd2 cxd4 14.exd4 Nf6 15.Be3 Qd7
16.h3 Nd5 17.Nxd5 exd5 18.Kh2  1/2-1/2

[Event "HZ Open"]
[Site "Vlissingen NED"]
[Date "2000.08.02"]
[Round "6"]
[White "Van den Berg,AMJ"]
[Black "Delemarre,J"]
[Result "0-1"]
[WhiteElo "2217"]
[BlackElo "2347"]

1.c4 c6 2.d4 d5 3.cxd5 cxd5 4.Nc3 Nf6 5.g3 e6 6.Bg2 Be7 7.Nf3 Nc6 8.O-O O-O
9.h3 Qb6 10.Ne5 Nxe5 11.dxe5 Nd7 12.Na4 Qa6 13.f4 b5 14.Nc3 b4 15.Na4 Bb7
16.b3 Bc6 17.Nb2 Nc5 18.Be3 Bb5 19.Rf2 Rac8 20.Bd4 Rc7 21.e3 Rfc8 22.f5 exf5
23.Bxd5 Qg6 24.g4 Rd8 25.Bc4 Bd7 26.Qf1 Ne4 27.Rxf5 Rxc4 28.Nxc4 Ng3 29.Qg2 Nxf5
30.gxf5 Bxf5 31.Qxg6 hxg6 32.Kh2 a6 33.Kg3 Be6 34.Rc1 Rc8 35.Bb2 Bf5 36.h4 Rc7
37.Rh1 Bd3 38.Rd1 Bc2 39.Rd2 Bb1 40.Bd4 Bf5 41.Bb6 Rc8 42.Nd6 Rc2 43.Nxf5 Bxh4+
44.Nxh4 Rxd2 45.Ba5 Rxa2 46.Bxb4 Rb2 47.Bc5 Rxb3 48.Nf3 a5 49.Nd2 Rb5 50.Bd6 f6
51.e6 Rb6 52.Nc4 Rc6  0-1

[Event "TCh-ESP"]
[Site "Barcelona ESP"]
[Date "2000.08.05"]
[Round "1"]
[White "Gamundi Salamanca,A"]
[Black "Magem Badals,J"]
[Result "1/2-1/2"]
[WhiteElo "2464"]
[BlackElo "2482"]

1.c4 c6 2.d4 d5 3.e3 Nf6 4.Nf3 a6 5.c5 Bg4 6.Qb3 Qc7 7.Ne5 Nbd7 8.Nxg4 Nxg4
9.Be2 Ngf6 10.Nc3 e5 11.O-O Be7 12.Bd2 O-O 13.Rad1 Rfe8 14.Bf3 exd4 15.exd4 Nf8
16.Na4 N6d7 17.g3 Ne6 18.Bc3 Bf6 19.Bg4 Re7 20.Qc2 Rae8 21.Rd3 g6 22.Qd1 h5
23.Bh3 Ng5 24.Bg2 Ne4 25.Be1 Bg5 26.Nc3 Bh6 27.Nb1 Nf8 28.f3 Nf6 29.Na3 Re3
30.Nc2 Rxd3 31.Qxd3 Qe7 32.Bd2 Bxd2 33.Qxd2 Qd7 34.h4 Qc7 35.Kh2 Ne6 36.Re1 Ng7
37.Rxe8+ Nfxe8 38.Bh3 Kf8 39.Kg2 Qe7 40.Kf2 Ne6 41.b4 N8g7 42.Qe3 Qf6 43.Qe5 Qxe5
44.dxe5 Ke7 45.Ke3 f6 46.exf6+ Kxf6 47.f4 Nf5+ 48.Kf2 a5 49.a3 axb4 50.axb4 Ke7
51.Bf1 Ned4 52.Nxd4 Nxd4 53.Bd3 Kf6 54.Ke3 Nf5+ 55.Kf3 Nd4+ 56.Ke3 Nf5+ 57.Kf3  1/2-1/2

[Event "Eikrem mem"]
[Site "Gausdal NOR"]
[Date "2000.08.05"]
[Round "8"]
[White "Yakovich,Y"]
[Black "Lobzhanidze,D"]
[Result "0-1"]
[WhiteElo "2585"]
[BlackElo "2493"]

1.c4 c6 2.e4 e5 3.Nf3 d6 4.d4 Nd7 5.Nc3 Ngf6 6.Be2 Be7 7.O-O O-O 8.Be3 h6
9.d5 c5 10.a3 Ne8 11.b4 b6 12.Bd3 Ndf6 13.bxc5 bxc5 14.Rb1 Nh7 15.Rb2 Ng5
16.Nd2 Nh7 17.Qe2 Bg5 18.Rfb1 g6 19.Bc2 f5 20.Bxg5 hxg5 21.Ba4 a6 22.Bc6 Ra7
23.Rb8 Nef6 24.Bb7 Qc7 25.Bxc8 Rxc8 26.R8b6 g4 27.Qd1 Qe7 28.Qa4 Ng5 29.Rxa6 Rd7
30.Ra8 Rxa8 31.Qxa8+ Kg7 32.Qa4 f4 33.Qd1 f3 34.gxf3 gxf3 35.Nxf3 Nh3+ 36.Kg2 Ng4
37.Rb2 Nf4+ 38.Kh1 Rb7 39.Nb5 Qf6 40.Rc2 Nh3 41.Kg2 Nhxf2 42.Qe2 Nd1 43.Rc1 Nde3+
44.Kg1 Rf7 45.h3 Qf4 46.hxg4 Qg3+ 47.Kh1 Rxf3 48.Qh2 Qxg4 49.Rg1 Qd7 50.Rg3 Rf1+
51.Rg1 Rf3 52.Rg3 Nf1 53.Rxf3 Nxh2 54.Kxh2 Qg4 55.Rf2 Qh4+ 56.Kg1 Qxe4 57.Nxd6 Qe1+
58.Kg2 e4 59.Ne8+ Kh6 60.Nf6 e3 61.Rf3 Qd2+  0-1

[Event "Eikrem mem"]
[Site "Gausdal NOR"]
[Date "2000.08.05"]
[Round "8"]
[White "Yakovich,Y"]
[Black "Lobzhanidze,D"]
[Result "0-1"]
[WhiteElo "2585"]
[BlackElo "2493"]

1.c4 c6 2.e4 e5 3.Nf3 d6 4.d4 Nd7 5.Nc3 Ngf6 6.Be2 Be7 7.O-O O-O 8.Be3 h6
9.d5 c5 10.a3 Ne8 11.b4 b6 12.Bd3 Ndf6 13.bxc5 bxc5 14.Rb1 Nh7 15.Rb2 Ng5
16.Nd2 Nh7 17.Qe2 Bg5 18.Rfb1 g6 19.Bc2 f5 20.Bxg5 hxg5 21.Ba4 a6 22.Bc6 Ra7
23.Rb8 Nef6 24.Bb7 Qc7 25.Bxc8 Rxc8 26.R8b6 g4 27.Qd1 Qe7 28.Qa4 Ng5 29.Rxa6 Rd7
30.Ra8 Rxa8 31.Qxa8+ Kg7 32.Qa4 f4 33.Qd1 f3 34.gxf3 gxf3 35.Nxf3 Nh3+ 36.Kg2 Ng4
37.Rb2 Nf4+ 38.Kh1 Rb7 39.Nb5 Qf6 40.Rc2 Nh3 41.Kg2 Nhxf2 42.Qe2 Nd1 43.Rc1 Nde3+
44.Kg1 Rf7 45.h3 Qf4 46.hxg4 Qg3+ 47.Kh1 Rxf3 48.Qh2 Qxg4 49.Rg1 Qd7 50.Rg3 Nf1
51.Rxf3 Nxh2 52.Kxh2 Qg4 53.Rf2 Qh4+ 54.Kg1 Qxe4 55.Nxd6 Qe1+ 56.Kg2 e4 57.Ne8+ Kh6
58.Nf6 e3 59.Rf3 Qd2+  0-1

[Event "Scandic Hotels GM"]
[Site "Stockholm SWE"]
[Date "2000.08.05"]
[Round "8"]
[White "Ivanov,Se"]
[Black "Hillarp Persson,T"]
[Result "1-0"]
[WhiteElo "2574"]
[BlackElo "2549"]

1.c4 c6 2.e4 d5 3.cxd5 cxd5 4.exd5 Nf6 5.Nc3 Nxd5 6.Nf3 e6 7.Bc4 Be7 8.O-O O-O
9.d4 Nc6 10.Re1 Bf6 11.Ne4 b6 12.Nxf6+ Nxf6 13.Bg5 Bb7 14.a3 Qd6 15.Bxf6 gxf6
16.d5 Na5 17.Ba2 Bxd5 18.Qd4 Nc6 19.Qxf6 Bxa2 20.Rxa2 Qd3 21.b4 Qg6 22.Qh4 Rad8
23.b5 Rd3 24.Kh1 Rxf3 25.gxf3 Ne5 26.Qe4 Qxe4 27.Rxe4 Ng6 28.Rc2 Rd8 29.Rc7 Rd5
30.a4 Ne5 31.f4 Nd3 32.Kg2 Kg7 33.Kf3 Nc5 34.Rc4 Nb3 35.Ke3 Kf6 36.Rxa7 Nc5
37.Rd4 Rh5 38.a5 bxa5 39.b6 Rh3+ 40.f3 Rxh2 41.Rc4  1-0

[Event "TCh-ESP"]
[Site "Barcelona ESP"]
[Date "2000.08.08"]
[Round "4"]
[White "Vidarte Morales,A"]
[Black "Elguezabal Varela,D"]
[Result "1-0"]
[WhiteElo "2380"]
[BlackElo "2400"]

1.c4 c6 2.Nc3 d5 3.e3 Nf6 4.Nf3 g6 5.d4 Bg7 6.Bd3 O-O 7.O-O Bg4 8.h3 Bxf3
9.Qxf3 e6 10.Rd1 Nbd7 11.e4 e5 12.Be3 c5 13.Nxd5 Nxd5 14.cxd5 cxd4 15.Bd2 Nb6
16.Rdc1 Nc8 17.Qd1 Nd6 18.Bb4 Bh6 19.Rc2 Qd7 20.Qg4 Rfd8 21.a4 Qxg4 22.hxg4 Rac8
23.Rxc8 Nxc8 24.Ba5 Nb6 25.Kf1 Rc8 26.b3 Bf8 27.Bd2 Rc7 28.Ke2 Nc8 29.g3 Bd6
30.a5 Be7 31.a6 b6 32.f4 f6 33.g5 Kg7 34.gxf6+ Bxf6 35.Bb4 Be7 36.Bd2 Bf6
37.g4 g5 38.fxe5 Bxe5 39.Bxg5 Nd6 40.Rh1 Rc8 41.Bh6+ Kg6 42.Bd2 Nf7 43.Rf1 Nd6
44.Rh1 Nf7 45.Rh5 Kg7 46.Rf5 Bd6 47.g5 Re8 48.Rf6 h6 49.Rf5 Nxg5 50.Bxg5 hxg5
51.Rxg5+ Kf6 52.Rh5 Be5 53.Bb5 Re7 54.Kd3 Kg6 55.Rxe5 Rxe5 56.Kxd4 Kf6 57.Bc4 Rg5
58.d6 Rg4 59.Kd5  1-0

[Event "TCh-ESP"]
[Site "Barcelona ESP"]
[Date "2000.08.11"]
[Round "7"]
[White "Matamoros Franco,C"]
[Black "Vera,R"]
[Result "1/2-1/2"]
[WhiteElo "2467"]
[BlackElo "2584"]

1.c4 c6 2.d4 Nf6 3.Nc3 d5 4.cxd5 cxd5 5.Bf4 Nc6 6.e3 Bf5 7.Bb5 e6 8.Qa4 Qb6
9.Nf3 Be7 10.Ne5 O-O 11.Bxc6 Qxb2 12.O-O Rfc8 13.e4 bxc6 14.Nxc6 Bf8 15.exf5 Qxc3
16.Rac1 Qa3 17.Qb5 Qxa2  1/2-1/2

[Event "ch-GBR"]
[Site "Millfield ENG"]
[Date "2000.08.11"]
[Round "11"]
[White "Lilley,G"]
[Black "Collins,S"]
[Result "0-1"]
[WhiteElo "2224"]
[BlackElo "2172"]

1.c4 c6 2.e4 d5 3.cxd5 cxd5 4.exd5 Nf6 5.Nc3 Nxd5 6.Bc4 Nb6 7.Bb3 g6 8.Nf3 Bg7
9.d4 Nc6 10.Be3 O-O 11.h3 Na5 12.O-O Nxb3 13.axb3 Nd5 14.Qd2 Nxe3 15.fxe3 Be6
16.Ra3 h6 17.e4 b5 18.Nxb5 Qb6 19.Qa5 Qxa5 20.Rxa5 Bxb3 21.Nxa7 Bc4 22.Rfa1 Rfb8
23.Nc6 Rxa5 24.Rxa5 Rxb2 25.Nxe7+ Kh7 26.Nd5 Be2 27.e5 Bxf3 28.gxf3 Rd2 29.Ra4 Bxe5
30.dxe5 Rxd5 31.Ra7 Kg8 32.f4 Rd4 33.Ra8+ Kg7 34.Ra7 Rxf4 35.e6 Kf8 36.exf7 Rxf7
37.Ra6 Kg7 38.Kg2 g5 39.Kg3 Rf6 40.Ra7+ Kg6 41.Ra5 Rb6 42.Ra3 h5 43.Rc3 Rd6
44.Ra3 h4+ 45.Kf3 Rd2 46.Ra6+ Kf5 47.Ra5+ Kf6 48.Ra6+ Ke5 49.Ra5+ Kf6 50.Ra6+ Kf5
51.Ra5+ Kg6 52.Ra6+ Kh5 53.Ra8 Rh2 54.Rh8+ Kg6 55.Rg8+ Kf6 56.Kg4 Rg2+ 57.Kh5 Kf5
58.Rf8+ Ke4 59.Rf7 Rg3 60.Rg7 Kf3 61.Rxg5 Rxg5+ 62.Kxg5 Kg3  0-1

[Event "TCh-ESP"]
[Site "Barcelona ESP"]
[Date "2000.08.13"]
[Round "9"]
[White "Rodriguez Lopez,R"]
[Black "Carrasco Martinez,J"]
[Result "1-0"]
[WhiteElo "2332"]
[BlackElo "2265"]

1.c4 c6 2.b3 d5 3.Bb2 Nf6 4.g3 Bg4 5.Bg2 e6 6.Nf3 Nbd7 7.d3 Be7 8.Nbd2 Qc7
9.O-O O-O 10.a3 a5 11.h3 Bh5 12.Qc2 Rfe8 13.Rfc1 Bf8 14.Bc3 e5 15.cxd5 Nxd5
16.Bb2 Qb8 17.e4 N5b6 18.d4 exd4 19.Nxd4 f6 20.Nf1 a4 21.b4 Bf7 22.Ne3 Qa7
23.Rd1 Rac8 24.Rac1 c5 25.bxc5 Nxc5 26.Qb1 Nb3 27.Rxc8 Rxc8 28.Nb5 Qa5 29.Nd6 Bxd6
30.Rxd6 Nd2 31.Qd3 Nbc4 32.Bc3 Qc5 33.Bb4 Qe5 34.Rd7 Nxe3 35.Qxe3 Nc4 36.Qa7 Be8
37.Rxb7 f5 38.exf5 Nb2 39.Re7 Qf6 40.Bd5+ Kh8 41.Qc7  1-0

[Event "Lost Boys Open"]
[Site "Amsterdam NED"]
[Date "2000.08.14"]
[Round "4"]
[White "Lorscheid,G"]
[Black "Smeets,J"]
[Result "1-0"]
[WhiteElo "2306"]
[BlackElo "2183"]

1.c4 c6 2.e4 d5 3.exd5 cxd5 4.d4 Nf6 5.Nc3 g6 6.Nf3 Bg7 7.Be2 O-O 8.O-O Nc6
9.Re1 Bg4 10.h3 Bxf3 11.Bxf3 dxc4 12.d5 Nb4 13.Re2 Qd7 14.Bg5 h6 15.Bh4 Rfd8
16.a3 Nd3 17.Qd2 Rac8 18.Qe3 b6 19.Rd1 Re8 20.b3 b5 21.Nxb5 Nb2 22.Rxb2 Qxb5
23.Qe2 Qb6 24.bxc4 Qa6 25.Rc2 Qxa3 26.Bg3 Nd7 27.Bg4 Red8 28.Rb1 h5 29.Bf3 Nb6
30.Ra2 Qc5 31.Rxa7 Nxd5 32.Rbb7 Nc3 33.Qxe7 Qxe7 34.Rxe7 Rf8 35.Rec7  1-0

[Event "ECh-u20 Girls"]
[Site "Aviles ESP"]
[Date "2000.08.16"]
[Round "1"]
[White "Machalova,M"]
[Black "Houska,J"]
[Result "0-1"]
[WhiteElo "2063"]
[BlackElo "2279"]

1.c4 c6 2.Nc3 Nf6 3.g3 d5 4.cxd5 cxd5 5.d4 Nc6 6.Bg2 e6 7.Nf3 Be7 8.O-O O-O
9.b3 a6 10.Bb2 b5 11.Rc1 Bb7 12.Ne5 Rc8 13.Re1 Qb6 14.e4 dxe4 15.Nxe4 Nxe5
16.dxe5 Nxe4 17.Bxe4 Rxc1 18.Bxc1 Bb4 19.Bd2 Rd8 20.Bxh7+ Kh8 21.Qh5 Bxd2
22.Bb1+ Bh6 23.Qxf7 Qc6 24.Be4 Qc3 25.Re2 Bxe4 26.Rxe4 Rd1+ 27.Kg2 Qd3 28.Rh4 Qd5+
29.Kh3 Qxe5 30.Qe8+ Kh7 31.f4 Qf5+ 32.Rg4 Rd2 33.a4 Rd3 34.axb5 axb5 35.Kh4 Rxb3
36.Qc8 Rb2 37.Kh3 b4 38.Qc1 Rc2  0-1

[Event "Summer Open"]
[Site "Toronto CAN"]
[Date "2000.08.18"]
[Round "4"]
[White "Spraggett,K"]
[Black "Zugic,I"]
[Result "1-0"]
[WhiteElo "2501"]
[BlackElo "2399"]

1.c4 c6 2.d4 d5 3.cxd5 cxd5 4.Bf4 Nc6 5.e3 a6 6.Nc3 Nf6 7.Bd3 e6 8.Rc1 Bd6
9.Bxd6 Qxd6 10.f4 h6 11.Nf3 g5 12.g3 Ng4 13.Qe2 f5 14.O-O Nf6 15.Ne5 Bd7
16.Nxd7 Nxd7 17.g4 fxg4 18.Qxg4 O-O-O 19.Kh1 Kb8 20.a3 Nf6 21.Qg3 g4 22.Na4 h5
23.Qh4 Rdf8 24.Nc5 Ne7 25.Qg5 Nd7 26.Nxd7+ Qxd7 27.Qe5+ Ka8 28.Rc7 Qd8 29.Rfc1 Nc6
30.R1xc6 bxc6 31.Qg7 Qb8 32.Rxc6 Qb7 33.Rxa6+ Kb8 34.Qe5+  1-0